| 000 | 00575nam a2200193Ia 4500 | ||
|---|---|---|---|
| 003 | GCL | ||
| 008 | 140319s9999 xx 000 0 eng d | ||
| 020 | _a0679737898 | ||
| 040 |
_aGCL / _cGCL |
||
| 082 | 0 | 4 |
_a320.9730207 _bO P |
| 100 | 1 | _aO'ROURKE, P.J. | |
| 245 | 1 | 0 |
_aPARLIAMENT OF WHORES / _cO'ROURKE, P.J. |
| 260 |
_aنيويورك : _bVINTAGE BOOKS ، _c1992 |
||
| 300 |
_a20 CM ؛ _cXX, 233 P |
||
| 490 |
_aTHE NATIONAL BEST SELLER _v0 |
||
| 650 | 0 | 4 | _aUNITED STATES - POLITICS AND GOVERNMENT - HUMOUR |
| 650 | 0 | 4 | _aPOLITICS PRACTICAL - U.S - HUMOR |
| 942 |
_2ddc _cBK |
||
| 999 |
_c4599 _d4599 |
||